Kleine Geschichte der Kinderbetreuung in der Stadt Rothenburg und ihrer Ortsteile
| Titel: | Kleine Geschichte der Kinderbetreuung in der Stadt Rothenburg und ihrer Ortsteile : ein Beitrag zur Geschichte der Stadt Rothenburg/O.L. / Eveline Neumann |
|---|---|
| Verfasser: | |
| In: |
Kleinstadtspiegel, (2020), Seite 23-56 alle Artikel anzeigen |
| Veröffentlicht: | 2020 |
| Umfang: | Illustrationen |
| Format: | Aufsatz |
| Sprache: | Deutsch |
X
alg: 51650826 001A $03025:22-03-24 001B $03025:22-03-24 $t12:16:06.000 001D $03025:22-03-24 001U $0utf8 001X $00 002@ $0Aou 002C $aText $btxt $2rdacontent 002D $aohne Hilfsmittel zu benutzen $bn $2rdamedia 002E $aBand $bnc $2rdacarrier 003@ $0516508261 010@ $ager 010E $erda 011@ $a2020 021A $aKleine Geschichte der Kinderbetreuung in der Stadt Rothenburg und ihrer Ortsteile $dein Beitrag zur Geschichte der Stadt Rothenburg/O.L. $hEveline Neumann 028A $BVerfasser $4aut $8Neumann, Eveline [Tp3] $9460444530 031A $h23-56 $j2020 034M $aIllustrationen 039B $aEnthalten in $8--Abvc--. Kleinstadtspiegel. - Cottbus : REGIA-CO-WORK, 2018-. - Bände $x202000000000000977 $9445446269 044K $#Rothenburg / O.L. $#Rothenburg, Oberlausitz $#Stadt Rothenburg, Oberlausitz $#Rothenburg $74362785-7 $8Rothenburg/O.L. [Tg1] $9088292940 044K $RBetreuung $#Child care $#Garde d'enfants $#Niños Cuidado $#Kinderbetreuung $#Kinderbetreuung $74278357-4 $8Kinderbetreuung [Ts1] $9086498819 045F $a306.094321 $eDDC23BSB 045F/01 $a306.09 045F/03 $g4321 lok: 51650826 78 exp: 51650826 78 1 #EPN 201B/01 $022-03-24 $t12:15:53.000 201C/01 $022-03-24 201U/01 $0utf8 203@/01 $01258554178 208@/01 $a22-03-24 $be 209A/01 $a/ $f000 $x00 209A/01 $ab*p $x01 220C/01 $apgar 244Z/01 $#Schlesien $#Schlesien $#Herzogtum Schlesien $#Herzogtum Schlesien Schlesien $#Provinz Schlesien $#Śla̜sk $#Slezsko $#Silesia $74052678-1 $8--Tg1--Schlesien $x02 $9085146781 247C/01 $82080>Marburg/Lahn, Herder-Institut, Forschungsbibliothek, Bibliographieportal $9336309341
| LEADER | 00000naa a2200000 c 4500 | ||
|---|---|---|---|
| 001 | 516508261 | ||
| 003 | DE-603 | ||
| 005 | 20240322121606.0 | ||
| 007 | tu | ||
| 008 | 240322s2020 xx |||| | u00||u|ger c | ||
| 035 | |a (DE-599)HEB516508261 | ||
| 040 | |a DE-603 |b ger |c DE-603 |d DE-603 |e rda | ||
| 041 | |a ger | ||
| 082 | 0 | 4 | |8 1\u |a 306.094321 |q DE-101 |2 23/BSB |
| 085 | |8 1\u |b 306.09 | ||
| 085 | |8 1\u |z 2 |s 4321 | ||
| 100 | 1 | |a Neumann, Eveline |e Verfasser |4 aut |0 (DE-603)460444530 |0 (DE-588)1205761446 |2 gnd | |
| 245 | 0 | 0 | |a Kleine Geschichte der Kinderbetreuung in der Stadt Rothenburg und ihrer Ortsteile |b ein Beitrag zur Geschichte der Stadt Rothenburg/O.L. |c Eveline Neumann |
| 264 | 0 | |c 2020 | |
| 300 | |b Illustrationen | ||
| 336 | |a Text |b txt |2 rdacontent | ||
| 337 | |a ohne Hilfsmittel zu benutzen |b n |2 rdamedia | ||
| 338 | |a Band |b nc |2 rdacarrier | ||
| 650 | 7 | |a Kinderbetreuung |0 (DE-588)4278357-4 |0 (DE-603)086498819 |2 gnd | |
| 651 | 7 | |a Rothenburg/O.L. |0 (DE-588)4362785-7 |0 (DE-603)088292940 |2 gnd | |
| 773 | 0 | 8 | |i Enthalten in |t Kleinstadtspiegel |d Cottbus : REGIA-CO-WORK, 2018- |h Bände, 21 cm |g (2020), Seite 23-56 |w (DE-603)445446269 |w (DE-600)2963237-7 |
| 924 | 0 | |9 2080 |a (DE-603)1258554178 |b DE-2080 |c HES |d d |g / | |


